[Event "20th Clare Benedict Cup"]
[Site "Gstaad SUI"]
[Date "1973.06.??"]
[Round "1.1"]
[White "Hamann, Svend "]
[Black "Tatai, Stefano "]
[Result "1-0"]
[WhiteElo "2475"]
[BlackElo "2430"]
[PlyCount "61"]
[EventDate "1973.06.23"]
[WhiteTeam "Danmark"]
[BlackTeam "Italien"]
[WhiteTeamCountry "DEN"]
[BlackTeamCountry "ITA"]

1. e4 e6 2. d4 d5 3. Nd2 Nf6 4. e5 Nfd7 5. Bd3 c5 6. c3 Nc6 7. Ne2 cxd4 8. cxd4
f6 9. exf6 Nxf6 10. O-O Bd6 11. Nf3 O-O 12. a3 Bd7 13. b4 e5 14. b5 e4 15. bxc6
Bxc6 16. Ne5 exd3 17. Qxd3 Qe8 18. Nxc6 Qxc6 19. Bf4 Bxf4 20. Nxf4 Rac8 21.
Rae1 Qd6 22. g3 Rfe8 23. Qf5 Rcd8 24. Re5 Qxa3 25. Rfe1 Qd6 26. Ne6 Rb8 27.
R1e3 a5 28. g4 Ne4 29. Ng5 Qg6 30. Rxe8+ Rxe8 31. Qxd5+ 1-0

[Event "20th Clare Benedict Cup"]
[Site "Gstaad SUI"]
[Date "1973.06.??"]
[Round "1.3"]
[White "Jakobsen, Ole"]
[Black "Primavera, Roberto "]
[Result "1/2-1/2"]
[WhiteElo "2420"]
[BlackElo "2280"]
[PlyCount "61"]
[EventDate "1973.06.23"]
[WhiteTeam "Danmark"]
[BlackTeam "Italien"]
[WhiteTeamCountry "DEN"]
[BlackTeamCountry "ITA"]

1. c4 Nf6 2. Nf3 g6 3. g3 Bg7 4. Bg2 O-O 5. Nc3 d6 6. d4 Nbd7 7. O-O e5 8. e4
Re8 9. h3 exd4 10. Nxd4 Nc5 11. Re1 a5 12. Qc2 a4 13. Be3 c6 14. Rab1 Qa5 15.
b4 axb3 16. axb3 Ne6 17. Nce2 Qa2 18. Qd1 Nxe4 19. Bxe4 Nxd4 20. Bxd4 Rxe4 21.
Nc3 Rxe1+ 22. Qxe1 Qxb1 23. Nxb1 Bxd4 24. Qe8+ Kg7 25. Nd2 Ra1+ 26. Kg2 Ra2 27.
Qxc8 Rxd2 28. Qxb7 Rxf2+ 29. Kh1 c5 30. b4 cxb4 31. Qxb4 1/2-1/2

[Event "20th Clare Benedict Cup"]
[Site "Gstaad SUI"]
[Date "1973.06.??"]
[Round "1.4"]
[White "Primavera, Giuseppe "]
[Black "Sloth, Jorn"]
[Result "0-1"]
[WhiteElo "2240"]
[BlackElo "2380"]
[PlyCount "74"]
[EventDate "1973.06.23"]
[WhiteTeam "Italien"]
[BlackTeam "Danmark"]
[WhiteTeamCountry "ITA"]
[BlackTeamCountry "DEN"]

1. d4 Nf6 2. c4 e6 3. Nc3 Bb4 4. e3 b6 5. f3 c5 6. d5 Bxc3+ 7. bxc3 d6 8. Bd3
O-O 9. e4 Re8 10. Ne2 Nbd7 11. O-O Ne5 12. Nf4 Ba6 13. Qa4 Qc8 14. Rd1 exd5 15.
cxd5 Bxd3 16. Nxd3 Nfd7 17. Nxe5 Nxe5 18. c4 f5 19. exf5 Qxf5 20. Qb3 Re7 21.
Bb2 Rae8 22. Bxe5 Rxe5 23. Rd2 Qf4 24. Qd3 Re3 25. Qc2 Re1+ 26. Rxe1 Rxe1+ 27.
Kf2 Qe3+ 28. Kg3 g6 29. h3 Qg5+ 30. Kf2 Qe3+ 31. Kg3 Kf7 32. Rf2 Qg5+ 33. Kh2
Qf4+ 34. g3 Qe3 35. f4 Rc1 36. Qb2 Qe1 37. g4 Qg1# 0-1

[Event "20th Clare Benedict Cup"]
[Site "Gstaad SUI"]
[Date "1973.06.??"]
[Round "2.1"]
[White "Hartston, William Roland "]
[Black "Hamann, Svend "]
[Result "1/2-1/2"]
[WhiteElo "2470"]
[BlackElo "2475"]
[PlyCount "56"]
[EventDate "1973.06.23"]
[WhiteTeam "England"]
[BlackTeam "Danmark"]
[WhiteTeamCountry "ENG"]
[BlackTeamCountry "DEN"]

1. e4 c5 2. Nf3 d6 3. d4 cxd4 4. Nxd4 Nf6 5. Nc3 Nc6 6. Bc4 e6 7. Be3 a6 8. Qe2
Be7 9. O-O-O Qc7 10. Bb3 Na5 11. g4 b5 12. g5 Nxb3+ 13. axb3 Nd7 14. h4 b4 15.
Na4 Nc5 16. f3 Bd7 17. h5 Nxb3+ 18. Nxb3 Bxa4 19. Kb1 Bd7 20. g6 fxg6 21. hxg6
h6 22. Qd2 Rc8 23. Rh2 Bf6 24. f4 e5 25. f5 Be7 26. Qg2 Bc6 27. Bxh6 Bf6 28.
Bf4 Rxh2 1/2-1/2

[Event "20th Clare Benedict Cup"]
[Site "Gstaad SUI"]
[Date "1973.06.??"]
[Round "3.1"]
[White "Hamann, Svend "]
[Black "Hug, Werner "]
[Result "1-0"]
[WhiteElo "2475"]
[BlackElo "2440"]
[PlyCount "129"]
[EventDate "1973.06.23"]
[WhiteTeam "Danmark"]
[BlackTeam "Schweiz"]
[WhiteTeamCountry "DEN"]
[BlackTeamCountry "SUI"]

1. e4 c6 2. d4 d5 3. exd5 cxd5 4. Bd3 Nc6 5. c3 Nf6 6. Bf4 Bg4 7. Qb3 Qd7 8.
Nd2 e6 9. Ngf3 Nh5 10. Be3 Bxf3 11. Nxf3 Bd6 12. O-O O-O 13. Rfe1 Rac8 14. Rad1
f5 15. Bc1 Nf6 16. Ne5 Bxe5 17. dxe5 Ne4 18. Bxe4 fxe4 19. Rxe4 Qc7 20. Re2
Nxe5 21. Qa4 Rf6 22. Qxa7 Rcf8 23. Qd4 Nc6 24. Qe3 Qf7 25. f3 Qh5 26. Qg5 Qf7
27. Qe3 Qh5 28. Rf1 Rg6 29. Bd2 Ra8 30. a3 Rf8 31. Be1 Qf5 32. Bg3 h5 33. Rfe1
Kh7 34. Kh1 Rh8 35. Qf4 Qd3 36. Rd2 Qb5 37. Qh4 Kg8 38. Qf4 Rf6 39. Qg5 Kf7 40.
Be5 Rg6 41. Qf4+ Kg8 42. h4 Ne7 43. Qb4 Qd7 44. c4 Qd8 45. cxd5 Nxd5 46. Kg1
Kh7 47. Qe4 Rf8 48. Red1 Rf7 49. Kh2 Qe7 50. g3 Rf8 51. Kh3 Qf7 52. Rd3 Kg8 53.
Rc1 Nf6 54. Bxf6 Rxf6 55. Kg2 e5 56. Rcc3 Rb6 57. b3 Qe7 58. b4 Rbf6 59. Rc5
Re6 60. Rcd5 Qf6 61. Rd7 Rc6 62. Re3 b6 63. Rd5 Re8 64. Rxe5 Rc2+ 65. Kh3 1-0

[Event "20th Clare Benedict Cup"]
[Site "Gstaad SUI"]
[Date "1973.06.??"]
[Round "3.2"]
[White "Lombard, Andre "]
[Black "Andersen, Borge "]
[Result "0-1"]
[WhiteElo "2400"]
[BlackElo "2400"]
[PlyCount "80"]
[EventDate "1973.06.23"]
[WhiteTeam "Schweiz"]
[BlackTeam "Danmark"]
[WhiteTeamCountry "SUI"]
[BlackTeamCountry "DEN"]

1. d4 Nf6 2. c4 e6 3. Nc3 Bb4 4. Qc2 c5 5. dxc5 Na6 6. a3 Qa5 7. Bd2 Nxc5 8.
Rd1 Bxc3 9. Bxc3 Qa4 10. Qxa4 Nxa4 11. Bd4 b6 12. b3 Nc5 13. b4 Na4 14. e3 Ke7
15. Bd3 d6 16. Ne2 Bd7 17. f3 Rhc8 18. Kf2 Rc7 19. Rd2 Rac8 20. Rhd1 Ne8 21. g4
h6 22. Ng3 f6 23. Ba1 a6 24. Ne4 b5 25. cxb5 axb5 26. Bd4 e5 27. Ba1 d5 28. Ng3
Nd6 29. Be2 Be6 30. f4 Nc3 31. Bxc3 Rxc3 32. f5 Bf7 33. Ra1 Ra8 34. Rda2 d4 35.
exd4 Bxa2 36. dxe5 fxe5 37. Rxa2 Raxa3 38. Rd2 Rxg3 39. Rxd6 Kxd6 40. hxg3 Kc6
0-1

[Event "20th Clare Benedict Cup"]
[Site "Gstaad SUI"]
[Date "1973.06.??"]
[Round "4.2"]
[White "Andersen, Borge "]
[Black "Dueckstein, Andreas "]
[Result "0-1"]
[WhiteElo "2400"]
[BlackElo "2410"]
[PlyCount "64"]
[EventDate "1973.06.23"]
[WhiteTeam "Danmark"]
[BlackTeam "strig"]
[WhiteTeamCountry "DEN"]
[BlackTeamCountry "AUT"]

1. c4 e5 2. Nc3 Nf6 3. g3 d5 4. cxd5 Nxd5 5. Bg2 Be6 6. Nf3 Nc6 7. d3 Be7 8.
Bd2 O-O 9. O-O f6 10. a3 Qd7 11. Re1 Rad8 12. Ne4 Nd4 13. Nxd4 exd4 14. Qc2 b6
15. Rec1 h6 16. Be1 c5 17. Nd2 f5 18. Nf3 f4 19. b4 fxg3 20. hxg3 Rf5 21. bxc5
bxc5 22. Rab1 Rh5 23. Nh2 Bd6 24. Qb2 Qf7 25. Qb7 Qg6 26. Bd2 Nf6 27. Nf1 Bd5
28. Bxd5+ Nxd5 29. Qxa7 Qe6 30. Rb7 Bf8 31. Re1 Qh3 32. f3 Ne3 0-1

[Event "20th Clare Benedict Cup"]
[Site "Gstaad SUI"]
[Date "1973.06.??"]
[Round "4.3"]
[White "Prameshuber, Alexander "]
[Black "Jakobsen, Ole"]
[Result "0-1"]
[WhiteElo "2420"]
[BlackElo "2420"]
[PlyCount "75"]
[EventDate "1973.06.23"]
[WhiteTeam "strig"]
[BlackTeam "Danmark"]
[WhiteTeamCountry "AUT"]
[BlackTeamCountry "DEN"]

1. d4 c5 2. c3 Qc7 3. Nf3 g6 4. g3 Bg7 5. Bg2 Nf6 6. O-O d6 7. Re1 O-O 8. h3 d5
9. Nbd2 cxd4 10. cxd4 Bf5 11. Nf1 Nc6 12. Ne3 Be4 13. b3 Rfc8 14. Bb2 Bh6 15.
Qd2 Qd6 16. a3 a5 17. Rec1 Nd7 18. a4 Qe6 19. Bc3 Nf6 20. Kh2 b6 21. Qe1 Bxe3
22. fxe3 Qd6 23. Bb2 Nb4 24. Ba3 Bc2 25. Nd2 Qe6 26. Bxb4 axb4 27. Nc4 Bxb3 28.
Ne5 Qd6 29. Rxc8+ Rxc8 30. a5 bxa5 31. Rxa5 Bc2 32. Qf2 Bf5 33. g4 Be6 34. Rb5
Rb8 35. Rxb8+ Qxb8 36. Qf4 b3 37. Nd3 Qc8 38. g5 0-1

[Event "20th Clare Benedict Cup"]
[Site "Gstaad SUI"]
[Date "1973.06.??"]
[Round "6.1"]
[White "Unzicker, Wolfgang"]
[Black "Hamann, Svend "]
[Result "1-0"]
[WhiteElo "2535"]
[BlackElo "2475"]
[PlyCount "115"]
[EventDate "1973.06.23"]
[WhiteTeam "Vesttyskland"]
[BlackTeam "Danmark"]
[WhiteTeamCountry "GER"]
[BlackTeamCountry "DEN"]

1. e4 c5 2. Nf3 d6 3. Bb5+ Bd7 4. Bxd7+ Qxd7 5. c4 e5 6. Nc3 Nc6 7. Nd5 Nge7 8.
d3 Nxd5 9. cxd5 Nb4 10. a3 Na6 11. O-O Be7 12. Nd2 O-O 13. Nc4 f5 14. Bd2 b5
15. Na5 f4 16. f3 Kh8 17. Nc6 Nb8 18. Nxe7 Qxe7 19. b4 Nd7 20. a4 bxa4 21. Qxa4
Rfc8 22. Rfc1 h5 23. Be1 Rc7 24. Bf2 Rac8 25. h3 Rb8 26. bxc5 Nxc5 27. Bxc5
dxc5 28. Rab1 Rxb1 29. Rxb1 Kh7 30. Kh2 Rd7 31. Qb5 Rd8 32. Ra1 Rd7 33. Qa6 Rb7
34. Qa3 Qd6 35. Rc1 Rc7 36. Rc4 Qg6 37. Qc1 Qd6 38. Qa1 Qg6 39. Rc1 Qd6 40. Qc3
Rc8 41. Ra1 Rc7 42. Rb1 Re7 43. Kh1 Kh6 44. Rb5 Rc7 45. Ra5 Kh7 46. Qa1 c4 47.
Ra6 Qb4 48. Ra4 Qd2 49. Rxc4 Rb7 50. Rc1 Rb2 51. Rg1 a5 52. d6 Rb3 53. Qxe5
Rxd3 54. Qxh5+ Kg8 55. e5 Re3 56. Qe8+ Kh7 57. d7 Re1 58. Qh5+ 1-0

[Event "20th Clare Benedict Cup"]
[Site "Gstaad SUI"]
[Date "1973.06.??"]
[Round "6.2"]
[White "Andersen, Borge "]
[Black "Schmid, Lothar "]
[Result "0-1"]
[WhiteElo "2400"]
[BlackElo "2550"]
[PlyCount "68"]
[EventDate "1973.06.23"]
[WhiteTeam "Danmark"]
[BlackTeam "Vesttyskland"]
[WhiteTeamCountry "DEN"]
[BlackTeamCountry "GER"]

1. c4 g6 2. Nc3 c5 3. g3 Bg7 4. Bg2 Nc6 5. d3 d6 6. Bd2 Nh6 7. h4 Bd7 8. h5 a6
9. Rb1 Rb8 10. Ne4 f5 11. Ng5 Nf7 12. Nxh7 Rxh7 13. hxg6 Rxh1 14. gxf7+ Kxf7
15. Bxh1 Qh8 16. Bg2 Bxb2 17. Qb3 Bf6 18. Qb6 Qd8 19. Nh3 e6 20. Qxd8 Bxd8 21.
Bc3 b5 22. Kd2 Bf6 23. Bxf6 Kxf6 24. Nf4 Ne5 25. a4 b4 26. a5 Rh8 27. Bb7 Bc6
28. Bxa6 Ra8 29. Bb5 Bxb5 30. cxb5 Rxa5 31. d4 Nc4+ 32. Kd3 Na3 33. Rh1 c4+ 34.
Kd2 Rxb5 0-1

[Event "20th Clare Benedict Cup"]
[Site "Gstaad SUI"]
[Date "1973.06.??"]
[Round "6.3"]
[White "Kunsztowicz, Uwe "]
[Black "Jakobsen, Ole"]
[Result "0-1"]
[WhiteElo "2440"]
[BlackElo "2420"]
[PlyCount "86"]
[EventDate "1973.06.23"]
[WhiteTeam "Vesttyskland"]
[BlackTeam "Danmark"]
[WhiteTeamCountry "GER"]
[BlackTeamCountry "DEN"]

1. d4 g6 2. e4 Bg7 3. Nc3 d6 4. f4 Nc6 5. Be3 Nf6 6. Nf3 O-O 7. Bd3 e5 8. fxe5
dxe5 9. d5 Ne7 10. Qe2 Ne8 11. O-O Nd6 12. Nb5 f5 13. Nxd6 cxd6 14. c4 fxe4 15.
Bxe4 Nf5 16. Bf2 b6 17. Rac1 g5 18. g4 Nd4 19. Nxd4 exd4 20. Qd3 h6 21. h3 Bd7
22. Bxd4 Qe7 23. Rce1 Rxf1+ 24. Rxf1 Bxd4+ 25. Qxd4 Rf8 26. Bf5 Bxf5 27. gxf5
Qe2 28. f6 Kf7 29. c5 bxc5 30. Qa4 Kg6 31. Rf2 Qe1+ 32. Kg2 Rxf6 33. Qc2+ Kg7
34. Rxf6 Kxf6 35. Qh7 Qe2+ 36. Kg3 Qe5+ 37. Kg2 Qxd5+ 38. Kg1 Qd4+ 39. Kf1 Ke6
40. Qg8+ Ke5 41. Qg7+ Kf4 42. Qxh6 Qd1+ 43. Kg2 Qd2+ 0-1

[Event "20th Clare Benedict Cup"]
[Site "Gstaad SUI"]
[Date "1973.06.??"]
[Round "7.1"]
[White "Hamann, Svend "]
[Black "Ree, Hans "]
[Result "1-0"]
[WhiteElo "2475"]
[BlackElo "2440"]
[PlyCount "79"]
[EventDate "1973.06.23"]
[WhiteTeam "Danmark"]
[BlackTeam "Holland"]
[WhiteTeamCountry "DEN"]
[BlackTeamCountry "NED"]

1. e4 e5 2. Nf3 Nc6 3. Bb5 a6 4. Ba4 Nf6 5. O-O Be7 6. Re1 b5 7. Bb3 d6 8. c3
O-O 9. h3 Na5 10. Bc2 c5 11. d4 Nd7 12. dxc5 dxc5 13. Nbd2 Ra7 14. Nf1 f6 15.
Ne3 Nb6 16. Qe2 Be6 17. b3 Re8 18. Nf5 Bf8 19. h4 Nc6 20. Be3 Rd7 21. Rad1 Rxd1
22. Rxd1 Qc7 23. h5 Rd8 24. Rxd8 Qxd8 25. N3h4 b4 26. Qg4 Bxf5 27. Nxf5 Qd7 28.
cxb4 Nxb4 29. Bb1 Kh8 30. a3 Nc6 31. b4 Nd4 32. bxc5 Bxc5 33. Ba2 Bf8 34. Bxd4
exd4 35. Qg3 d3 36. Qb8 Qc8 37. Qxb6 d2 38. Qb3 Bxa3 39. h6 gxh6 40. Ne3 1-0

[Event "20th Clare Benedict Cup"]
[Site "Gstaad SUI"]
[Date "1973.06.??"]
[Round "7.2"]
[White "Enklaar, Bertus "]
[Black "Andersen, Borge "]
[Result "1-0"]
[WhiteElo "2445"]
[BlackElo "2400"]
[PlyCount "63"]
[EventDate "1973.06.23"]
[WhiteTeam "Holland"]
[BlackTeam "Danmark"]
[WhiteTeamCountry "NED"]
[BlackTeamCountry "DEN"]

1. e4 e5 2. Nf3 f5 3. Bc4 fxe4 4. Nxe5 d5 5. Qh5+ g6 6. Nxg6 hxg6 7. Qxg6+ Kd7
8. Bxd5 Nf6 9. Nc3 Qe7 10. Bxe4 Kd8 11. Qg5 Bh6 12. Qg6 Bf4 13. d3 Rg8 14.
Qxg8+ Nxg8 15. Bxf4 c6 16. h4 Qf8 17. Bg5+ Kc7 18. h5 Nh6 19. O-O-O Nd7 20.
Rde1 Nc5 21. Bg6 Ne6 22. Bd2 Bd7 23. Re4 Nf5 24. h6 Qf6 25. Rg4 Nd6 26. h7 Nd4
27. Rgh4 Rh8 28. Be3 N6f5 29. Bxf5 Nxf5 30. Bf4+ Kb6 31. Rh5 Nd4 32. Na4+ 1-0